000 01102nam a2200253Ia 4500
001 16267
003 GE_BSU
008 181216s||||||||xx |||||||||||||| ||und||
020 _aISBN 978-9941-0-6479-1
040 _cGE_BSU
080 _a343.712.2
100 _aკვარაცხელია, რამაზ
245 _aყაჩაღობის კვალიფიკაციის და გამოძიების პრობლემები
245 _bსაგამოძიებო და სასამართლო პრაქტიკის ანალიზი და კომენტარი
245 _cრედ.: ოთარ გამყრელიძე, ფრიდონ დიასამიძე
250 _aშინაგან საქმეთა სამინ. აკად..
260 _aთბილისი
260 _bიურისტების სამყარო
260 _c2014
300 _a315გვ;20 სმ
300 _bბიბლიოგრ: გვ. 305-314
541 _h14ლ.
942 _cBK
999 _c49350
_d49350